Advanced calculus
Contents: general methods of integration, double integrals, triple integrals, envelopes...
Tallennettuna:
| Päätekijä: | |
|---|---|
| Aineistotyyppi: | Kirja |
| Kieli: | Undetermined |
| Julkaistu: |
New York
The Macmillan Company
1925
|
| Aiheet: | |
| Tagit: |
Lisää tagi
Ei tageja, Lisää ensimmäinen tagi!
|
| Thư viện lưu trữ: | Trung tâm Học liệu Trường Đại học Cần Thơ |
|---|
| LEADER | 00567nam a2200193Ia 4500 | ||
|---|---|---|---|
| 001 | CTU_149167 | ||
| 008 | 210402s9999 xx 000 0 und d | ||
| 082 | |a 515 | ||
| 082 | |b O.82 | ||
| 100 | |a Osgood, William F. | ||
| 245 | 0 | |a Advanced calculus | |
| 245 | 0 | |c William F. Osgood | |
| 260 | |a New York | ||
| 260 | |b The Macmillan Company | ||
| 260 | |c 1925 | ||
| 520 | |a Contents: general methods of integration, double integrals, triple integrals, envelopes... | ||
| 650 | |a Calculus | ||
| 904 | |i Giang | ||
| 980 | |a Trung tâm Học liệu Trường Đại học Cần Thơ | ||